[Event "Virovitica"]
[Site "Virovitica YUG"]
[Date "1977.??.??"]
[Round "7"]
[White "Piasetski, Leon"]
[Black "Bukal, Vladimir Sr"]
[Result "1-0"]
[WhiteElo "2395"]
[BlackElo "2405"]
[PlyCount "37"]
[GameId "2129405214484263"]
[EventDate "1977.10.26"]
[EventType "tourn"]
[EventRounds "13"]
[EventCountry "YUG"]
[EventCategory "7"]
[SourceTitle "EXT 2004"]
[Source "ChessBase"]
[SourceDate "2003.11.25"]
[SourceVersion "1"]
[SourceVersionDate "2003.11.25"]
[SourceQuality "1"]

1. Nf3 Nf6 2. c4 c5 3. Nc3 Nc6 4. e3 e6 5. d4 d5 6. cxd5 Nxd5 7. Bd3 Be7 8. O-O O-O 9. Re1 a6 10. a3 cxd4 11. exd4 Re8 12. Bc2 Nxc3 13. bxc3 Bf6 14. Bf4 Bd7 15. Ne5 g6 16. Re3 Nxe5 17. dxe5 Bg7 18. Rd3 Re7 19. Bg5 1-0

[Event "Virovitica"]
[Site "Virovitica YUG"]
[Date "1977.??.??"]
[Round "8"]
[White "Kovacevic, Damir"]
[Black "Piasetski, Leon"]
[Result "0-1"]
[WhiteElo "2200"]
[BlackElo "2395"]
[PlyCount "66"]
[GameId "2129405214484268"]
[EventDate "1977.10.26"]
[EventType "tourn"]
[EventRounds "13"]
[EventCountry "YUG"]
[EventCategory "7"]
[SourceTitle "EXT 2004"]
[Source "ChessBase"]
[SourceDate "2003.11.25"]
[SourceVersion "1"]
[SourceVersionDate "2003.11.25"]
[SourceQuality "1"]

1. e4 c5 2. Nf3 Nc6 3. Bb5 e6 4. O-O Nge7 5. c3 a6 6. Bxc6 Nxc6 7. d4 d5 8. e5 Be7 9. Qe2 O-O 10. Bf4 b6 11. Nbd2 a5 12. Qe3 Ra7 13. Rad1 cxd4 14. Nxd4 Nxd4 15. cxd4 Ba6 16. Rfe1 Qd7 17. Qg3 Kh8 18. Nf3 Qa4 19. Bg5 Qxa2 20. Qh4 Bxg5 21. Nxg5 h6 22. Re3 Qxb2 23. g4 Rc7 24. Kg2 Rc1 25. Rxc1 Qxc1 26. h3 Qf1+ 27. Kh2 Kg8 28. Nf3 Rc8 29. Re1 Qd3 30. Kg2 Qg6 31. Qg3 Rc3 32. h4 h5 33. g5 Qf5 0-1

[Event "Virovitica"]
[Site "Virovitica YUG"]
[Date "1977.??.??"]
[Round "13"]
[White "Piasetski, Leon"]
[Black "Maroja, Hrvoje"]
[Result "1-0"]
[WhiteElo "2395"]
[BlackElo "2200"]
[PlyCount "88"]
[GameId "2129405214484303"]
[EventDate "1977.10.26"]
[EventType "tourn"]
[EventRounds "13"]
[EventCountry "YUG"]
[EventCategory "7"]
[SourceTitle "EXT 2004"]
[Source "ChessBase"]
[SourceDate "2003.11.25"]
[SourceVersion "1"]
[SourceVersionDate "2003.11.25"]
[SourceQuality "1"]

1. c4 Nf6 2. Nc3 g6 3. e4 d6 4. d4 Bg7 5. f3 O-O 6. Be3 Nc6 7. Nge2 a6 8. d5 Ne5 9. Ng3 c6 10. h3 Re8 11. f4 Ned7 12. Be2 Qc7 13. O-O e6 14. dxc6 bxc6 15. Qd2 Rd8 16. Rad1 Ne8 17. c5 d5 18. e5 a5 19. Na4 Ba6 20. Nb6 Nxb6 21. cxb6 Qb7 22. Bxa6 Rxa6 23. Ne4 Rxb6 24. Qxa5 Rb8 25. Qxb6 Qxb6 26. Bxb6 Rxb6 27. Nc5 g5 28. g3 Rb5 29. Rc1 gxf4 30. gxf4 Rxb2 31. Rb1 Rxa2 32. Rb8 Kf8 33. Rfb1 Ra7 34. Rd8 Bh6 35. Rbb8 Bxf4 36. Rxe8+ Kg7 37. Rg8+ Kh6 38. Rb4 Bg5 39. Kg2 Be7 40. Ra4 Rc7 41. Kf3 Kh5 42. Nd3 c5 43. Rag4 c4 44. R4g7 Kh6 1-0

[Event "Karlovac"]
[Site "Karlovac YUG"]
[Date "1977.09.14"]
[Round "3"]
[White "Bukal, Vladimir Sr"]
[Black "Piasetski, Leon"]
[Result "1-0"]
[WhiteElo "2405"]
[BlackElo "2395"]
[PlyCount "94"]
[GameId "2129405214505311"]
[EventDate "1977.09.12"]
[EventType "tourn"]
[EventRounds "13"]
[EventCountry "YUG"]
[EventCategory "5"]
[SourceTitle "EXT 2004"]
[Source "ChessBase"]
[SourceDate "2003.11.25"]
[SourceVersion "1"]
[SourceVersionDate "2003.11.25"]
[SourceQuality "1"]

1. c4 b6 2. Nc3 Bb7 3. e4 e6 4. Nf3 Bb4 5. d3 Ne7 6. a3 Bxc3+ 7. bxc3 O-O 8. Be2 d6 9. O-O Nd7 10. Qc2 c5 11. Be3 h6 12. Ne1 f5 13. g3 d5 14. exd5 exd5 15. Bf3 Ne5 16. Bg2 Qd7 17. cxd5 Nxd5 18. Qb3 Kh8 19. Bd2 Rad8 20. d4 cxd4 21. cxd4 Nc6 22. Nf3 Nf6 23. Rad1 Ne4 24. Bf4 Na5 25. Qb4 Nc6 26. Qb2 Qd5 27. Rfe1 Kh7 28. h4 Na5 29. Rc1 Nc4 30. Qb4 b5 31. a4 a6 32. axb5 axb5 33. Red1 Rf6 34. Ne5 Nxe5 35. Bxe5 Ra6 36. Ra1 Rxa1 37. Rxa1 Rd7 38. Ra5 Bc6 39. Ra6 Rb7 40. g4 Rf7 41. gxf5 Bb7 42. Rb6 Ba8 43. Qxb5 Qd8 44. f6 Qc8 45. Qb1 Qg4 46. f3 Qxh4 47. fxe4 g6 1-0

[Event "Olympiad final B"]
[Site "Nice FRA"]
[Date "1974.06.18"]
[Round "4"]
[White "Radashkovich, Itchak"]
[Black "Piasetski, Leon"]
[Result "1-0"]
[WhiteElo "2425"]
[BlackElo "2295"]
[PlyCount "79"]
[GameId "2129405215792924"]
[EventDate "1974.06.06"]
[EventType "team"]
[EventRounds "15"]
[EventCountry "FRA"]

1. d4 Nf6 2. c4 c5 3. d5 b5 4. cxb5 a6 5. bxa6 Bxa6 6. Nc3 d6 7. g3 g6 8. Bg2 Bg7 9. Nh3 Nbd7 10. O-O O-O 11. Qc2 Qb6 12. Rb1 Rfb8 13. b3 Ne8 14. Bd2 Nc7 15. Nf4 Ne5 16. h4 Nb5 17. Nxb5 Bxb5 18. a4 Bd7 19. a5 Qa6 20. Rfe1 Bb5 21. Bc3 Rb7 22. Ra1 Bf6 23. Ra3 Bd7 24. Be4 Rab8 25. Kg2 Ng4 26. Bd3 Bb5 27. Bxf6 Nxf6 28. Bc4 Bxc4 29. bxc4 Rb2 30. Qa4 h6 31. Ra2 R2b7 32. Qc6 Qa7 33. a6 Rb6 34. Qa4 Kg7 35. Nd3 Ra8 36. Rc1 Rab8 37. f3 Ne8 38. e4 Rb3 39. Ra3 R3b6 40. Qc2 1-0

[Event "Olympiad final B"]
[Site "Nice FRA"]
[Date "1974.06.30"]
[Round "15"]
[White "Adamski, Jan"]
[Black "Piasetski, Leon"]
[Result "0-1"]
[WhiteElo "2405"]
[BlackElo "2295"]
[PlyCount "124"]
[GameId "2129405215801443"]
[EventDate "1974.06.06"]
[EventType "team"]
[EventRounds "15"]
[EventCountry "FRA"]

1. c4 e5 2. Nc3 Nf6 3. Nf3 Nc6 4. d4 exd4 5. Nxd4 Bb4 6. Bg5 h6 7. Bh4 Bxc3+ 8. bxc3 Ne5 9. f4 Ng6 10. Bxf6 Qxf6 11. g3 h5 12. Bg2 h4 13. Nb5 hxg3 14. hxg3 Rxh1+ 15. Bxh1 Kd8 16. Qd4 a6 17. Qxf6+ gxf6 18. Nd4 d6 19. c5 dxc5 20. Nb3 c6 21. Nxc5 Kc7 22. Rd1 b6 23. Ne4 f5 24. Ng5 f6 25. Nf3 Bd7 26. Kf2 Rh8 27. Bg2 c5 28. a3 Bc6 29. Ne1 Ne7 30. Bxc6 Kxc6 31. Ng2 Nd5 32. Rc1 b5 33. Ne3 Rh2+ 34. Kf3 Nxe3 35. Kxe3 Kd5 36. c4+ bxc4 37. a4 Rh8 38. Ra1 Kc6 39. Rc1 Rb8 40. Rxc4 Rb3+ 41. Kd2 Rxg3 42. Rc1 Ra3 43. Rh1 Rxa4 44. Rh6 Rxf4 45. Rxf6+ Kb5 46. e4 Rxe4 47. Rxf5 Rc4 48. Rf8 a5 49. Kd3 Rc1 50. Kd2 Rh1 51. Kc3 Rh3+ 52. Kb2 a4 53. Rb8+ Kc4 54. Ra8 Rh2+ 55. Kb1 Kb3 56. Rb8+ Kc3 57. Ka1 c4 58. Kb1 Rh7 59. Ka2 Kc2 60. Rb1 Re7 61. Rg1 c3 62. Rg2+ Kd1 0-1

[Event "Netanya-B"]
[Site "Netanya ISR"]
[Date "1973.??.??"]
[Round "6"]
[White "Piasetski, Leon"]
[Black "Jakobsen, Oivind"]
[Result "1/2-1/2"]
[WhiteElo "2275"]
[BlackElo "2440"]
[PlyCount "48"]
[GameId "2129405216484010"]
[EventDate "1973.??.??"]
[EventType "swiss"]
[EventRounds "11"]
[EventCountry "ISR"]
[SourceTitle "MCD-r7"]

1. b3 Nf6 2. Bb2 g6 3. Nf3 Bg7 4. c4 O-O 5. g3 d6 6. d4 Bf5 7. Bg2 Qc8 8. O-O Bh3 9. Nc3 Bxg2 10. Kxg2 Nbd7 11. e4 e6 12. Qe2 a6 13. Rac1 b6 14. h3 Qb7 15. Rfe1 Rfd8 16. Rcd1 b5 17. e5 Ne8 18. Ne4 bxc4 19. bxc4 Nb6 20. Ba3 Qc6 21. c5 dxc5 22. Bxc5 Nd5 23. Rc1 Qb5 24. Rb1 Qc6 1/2-1/2

[Event "Vicente Lopez ProAm Cup"]
[Site "Vicente Lopez ARG"]
[Date "2024.10.20"]
[Round "2.2"]
[White "Piasetski, Leon"]
[Black "Tristan, Leonardo"]
[Result "0-1"]
[WhiteElo "2169"]
[BlackElo "2536"]
[PlyCount "118"]
[GameId "2129405227405021"]
[EventDate "2024.10.19"]
[EventType "swiss"]
[EventRounds "9"]
[EventCountry "ARG"]
[SourceTitle "10 Days #775"]
[Source "ChessMix "]
[SourceDate "2024.11.01"]
[SourceVersion "1"]
[SourceVersionDate "2024.11.01"]
[SourceQuality "1"]

1. c4 e6 2. Nf3 d5 3. d4 Nf6 4. g3 Bb4+ 5. Bd2 a5 6. Qc2 O-O 7. Bg2 c5 8. cxd5 cxd4 9. Bxb4 axb4 10. Nxd4 Qb6 11. Nb3 exd5 12. Qc5 Qxc5 13. Nxc5 Nc6 14. e3 b6 15. Nb3 Ba6 16. Bf1 Ne5 17. Bxa6 Rxa6 18. Ke2 Nc4 19. a3 bxa3 20. Nxa3 Nxb2 21. Rhc1 Rfa8 22. Rc2 g6 23. Rxb2 Rxa3 24. Rxa3 Rxa3 25. Nd4 Ne4 26. f3 Nd6 27. Rxb6 Nc4 28. Rb8+ Kg7 29. e4 dxe4 30. fxe4 Ra2+ 31. Kd3 Ne5+ 32. Ke3 Ng4+ 33. Kf4 Nxh2 34. e5 Ra4 35. Rd8 h5 36. Rd7 Kh6 37. Ke4 Nf1 38. Rxf7 Nxg3+ 39. Kd5 Ra5+ 40. Ke6 h4 41. Nf3 h3 42. Rf4 Nh5 43. Rh4 g5 44. Rg4 Ra6+ 45. Kf7 Ra7+ 46. Kf8 Ng7 47. Nxg5 Kh5 48. Rg3 h2 49. Rh3+ Kxg5 50. Rxh2 Kf5 51. Kg8 Ne8 52. Rh7 Nc7 53. Re7 Ra8+ 54. Kf7 Rh8 55. Kg7 Rc8 56. Rf7+ Kg5 57. Rd7 Ne6+ 58. Kf7 Kf5 59. Re7 Rf8# 0-1

[Event "Vicente Lopez ProAm Cup"]
[Site "Vicente Lopez ARG"]
[Date "2024.10.23"]
[Round "5.20"]
[White "Fernandes, Martin"]
[Black "Piasetski, Leon"]
[Result "0-1"]
[WhiteElo "1965"]
[BlackElo "2169"]
[PlyCount "108"]
[GameId "2129405227405076"]
[EventDate "2024.10.19"]
[EventType "swiss"]
[EventRounds "9"]
[EventCountry "ARG"]
[SourceTitle "10 Days #775"]
[Source "ChessMix "]
[SourceDate "2024.11.01"]
[SourceVersion "1"]
[SourceVersionDate "2024.11.01"]
[SourceQuality "1"]

1. e4 g6 2. d4 Bg7 3. Nc3 d6 4. Be3 a6 5. Qd2 b5 6. h4 h6 7. h5 g5 8. f4 gxf4 9. Bxf4 Nf6 10. Bd3 Ng4 11. Nf3 Nc6 12. Ne2 e5 13. dxe5 Ncxe5 14. O-O c6 15. Ng3 Be6 16. Nf5 Bxf5 17. exf5 Qb6+ 18. Kh1 O-O-O 19. Rad1 Kb7 20. Nh2 Bf6 21. Be4 Nc4 22. Qe2 Nge3 23. Ng4 Nxg4 24. Qxg4 Bxb2 25. f6 Qc5 26. Bf3 Bxf6 27. Rfe1 Be5 28. Bc1 f6 29. Qg7+ Kb6 30. Bxh6 Rdg8 31. Qf7 d5 32. Bg7 Nd6 33. Qe7 Rh7 34. h6 Nf5 35. Qxc5+ Kxc5 36. Rxe5 fxe5 37. Bxe5 Ng3+ 38. Bxg3 Rxg3 39. Kh2 Rg5 40. g4 Rxh6+ 41. Kg3 Rg8 42. Re1 Kd6 43. Re3 a5 44. Be2 Rf6 45. Bd3 a4 46. Kh4 Rf2 47. g5 Rh2+ 48. Kg3 Rh5 49. g6 Rg5+ 50. Kf4 R5xg6 51. Bxg6 Rxg6 52. Kf3 Re6 53. Rc3 b4 54. Rd3 c5 0-1

[Event "Vicente Lopez ProAm Cup"]
[Site "Vicente Lopez ARG"]
[Date "2024.10.24"]
[Round "6.9"]
[White "Piasetski, Leon"]
[Black "Sorin, Ariel"]
[Result "0-1"]
[WhiteElo "2169"]
[BlackElo "2317"]
[PlyCount "108"]
[GameId "2129405227405085"]
[EventDate "2024.10.19"]
[EventType "swiss"]
[EventRounds "9"]
[EventCountry "ARG"]
[SourceTitle "10 Days #775"]
[Source "ChessMix "]
[SourceDate "2024.11.01"]
[SourceVersion "1"]
[SourceVersionDate "2024.11.01"]
[SourceQuality "1"]

1. Nf3 Nf6 2. c4 g6 3. Nc3 Bg7 4. e4 d6 5. d4 O-O 6. Be2 e5 7. d5 a5 8. Bg5 h6 9. Be3 Ng4 10. Bd2 f5 11. exf5 gxf5 12. h3 Nf6 13. Qc1 f4 14. g3 Nh5 15. g4 Nf6 16. Rg1 Na6 17. g5 hxg5 18. Nxg5 Bf5 19. Ne6 Bxe6 20. dxe6 Nc5 21. Qc2 Nxe6 22. Qg6 Qe8 23. Qg2 c6 24. O-O-O Kh8 25. Bd3 Rg8 26. Ne4 Nxe4 27. Bxe4 Qh5 28. Bg6 Qh6 29. Bf7 Nd4 30. Bxg8 Ne2+ 31. Kb1 Nxg1 32. Rxg1 Kxg8 33. Qg4 Rf8 34. Bxa5 Rf7 35. Bc3 Qf6 36. Rd1 Re7 37. Bb4 c5 38. Bc3 Qe6 39. Qg5 Rd7 40. Qh5 Bf8 41. Rg1+ Rg7 42. Rxg7+ Kxg7 43. Qf3 Qxc4 44. Qxb7+ Kf6 45. Qf3 d5 46. a4 d4 47. a5 dxc3 48. Qc6+ Kg5 49. Qg2+ Kh6 50. Qc6+ Kh7 51. Qb7+ Bg7 52. bxc3 e4 53. a6 e3 54. fxe3 fxe3 0-1

[Event "Vicente Lopez ProAm Cup"]
[Site "Vicente Lopez ARG"]
[Date "2024.10.26"]
[Round "8.16"]
[White "Paris, Adolfo"]
[Black "Piasetski, Leon"]
[Result "1/2-1/2"]
[WhiteElo "2046"]
[BlackElo "2169"]
[PlyCount "55"]
[GameId "2129405227405103"]
[EventDate "2024.10.19"]
[EventType "swiss"]
[EventRounds "9"]
[EventCountry "ARG"]
[SourceTitle "10 Days #775"]
[Source "ChessMix "]
[SourceDate "2024.11.01"]
[SourceVersion "1"]
[SourceVersionDate "2024.11.01"]
[SourceQuality "1"]

1. c4 e6 2. g3 d5 3. Bg2 Nf6 4. Nf3 dxc4 5. Qa4+ Bd7 6. Qxc4 c5 7. Ne5 Qc8 8. d3 Nc6 9. Nxd7 Qxd7 10. O-O Be7 11. Nc3 O-O 12. Bd2 Rfd8 13. Rfd1 Rac8 14. Rac1 h6 15. Ne4 Nd4 16. Kf1 b5 17. Qc3 Nd5 18. Qa5 f5 19. Nc3 Nb4 20. Be3 a6 21. Bxd4 cxd4 22. Nb1 Rxc1 23. Rxc1 Rc8 24. Rd1 Qc7 25. Qxc7 Rxc7 26. a3 Na2 27. Ke1 Rc2 28. Rd2 1/2-1/2

[Event "Wch-Senior 65+"]
[Site "Porto Santo POR"]
[Date "2024.11.19"]
[Round "3.4"]
[White "Piasetski, Leon"]
[Black "Legky, Nikolay A"]
[Result "1/2-1/2"]
[WhiteElo "2171"]
[BlackElo "2338"]
[PlyCount "80"]
[GameId "2129405228043267"]
[EventDate "2024.11.17"]
[EventType "swiss"]
[EventRounds "11"]
[EventCountry "POR"]
[SourceTitle "10Days CBH #1-#780"]
[Source "ChessMix "]
[SourceDate "2024.12.20"]
[SourceVersion "1"]
[SourceVersionDate "2024.12.20"]
[SourceQuality "1"]

1. c4 e6 2. Nf3 d5 3. d4 Nf6 4. g3 a6 5. Bg2 dxc4 6. a4 Nc6 7. O-O Rb8 8. a5 b5 9. axb6 cxb6 10. Bf4 Bd6 11. Ne5 Ne7 12. Nxc4 Bxf4 13. gxf4 O-O 14. Ne5 a5 15. Qd2 Bb7 16. Bxb7 Rxb7 17. Rc1 Nf5 18. e3 Nh4 19. f3 Nd5 20. Qf2 Nf5 21. Re1 Rc7 22. Na3 Nb4 23. Rad1 Ne7 24. e4 Ng6 25. Qg3 Qf6 26. f5 exf5 27. Nxg6 Qxg6 28. exf5 Qc6 29. f6 g6 30. d5 Qc5+ 31. Kh1 Nxd5 32. Rxd5 Qxd5 33. Qxc7 Qxf3+ 34. Kg1 Qxf6 35. Qe5 Qc6 36. Nb5 Rd8 37. Nc3 Qc4 38. Re4 Qd3 39. Qc7 Qd2 40. Qxb6 Qg5+ 1/2-1/2

[Event "Wch-Senior 65+"]
[Site "Porto Santo POR"]
[Date "2024.11.20"]
[Round "4.4"]
[White "Ftacnik, Lubomir"]
[Black "Piasetski, Leon"]
[Result "1-0"]
[WhiteElo "2444"]
[BlackElo "2171"]
[PlyCount "71"]
[GameId "2129405228043282"]
[EventDate "2024.11.17"]
[EventType "swiss"]
[EventRounds "11"]
[EventCountry "POR"]
[SourceTitle "10Days CBH #1-#780"]
[Source "ChessMix "]
[SourceDate "2024.12.20"]
[SourceVersion "1"]
[SourceVersionDate "2024.12.20"]
[SourceQuality "1"]

1. d4 e6 2. c4 Nf6 3. Nf3 Bb4+ 4. Nbd2 a5 5. a3 Bxd2+ 6. Bxd2 b6 7. g3 Bb7 8. Bg2 O-O 9. O-O h6 10. Rc1 a4 11. d5 exd5 12. Nh4 Na6 13. cxd5 Nc5 14. Bc3 Nfe4 15. Bd4 f5 16. Bxc5 Nxc5 17. d6 c6 18. Bh3 Qg5 19. Rxc5 bxc5 20. Qc2 g6 21. e4 Qf6 22. exf5 Ba6 23. Rd1 Rfe8 24. Nxg6 Re2 25. Qxc5 Rxb2 26. Qe3 Kg7 27. Nf4 Kf7 28. Bg4 Rb3 29. Bh5+ Kf8 30. Qe7+ Qxe7 31. Ng6+ Kf7 32. dxe7 d5 33. Re1 Bd3 34. Nf4+ Kf6 35. Re6+ Kxf5 36. Bg6+ 1-0

[Event "Wch-Senior 65+"]
[Site "Porto Santo POR"]
[Date "2024.11.22"]
[Round "6.8"]
[White "Hugentobler, Patrick"]
[Black "Piasetski, Leon"]
[Result "1/2-1/2"]
[WhiteElo "2216"]
[BlackElo "2171"]
[PlyCount "98"]
[GameId "2129405228043316"]
[EventDate "2024.11.17"]
[EventType "swiss"]
[EventRounds "11"]
[EventCountry "POR"]
[SourceTitle "10Days CBH #1-#780"]
[Source "ChessMix "]
[SourceDate "2024.12.20"]
[SourceVersion "1"]
[SourceVersionDate "2024.12.20"]
[SourceQuality "1"]

1. e4 d6 2. d4 Nf6 3. Nc3 c6 4. f4 Qa5 5. Bd3 e5 6. Nf3 exd4 7. Nxd4 g6 8. Be3 Bg7 9. Qd2 O-O 10. Nce2 Qxd2+ 11. Kxd2 Re8 12. Nc3 Nbd7 13. Nb3 b6 14. Rae1 Bb7 15. Rhf1 Rad8 16. Bg1 a6 17. Kc1 b5 18. a4 b4 19. Nb1 c5 20. N1d2 Nb6 21. Na5 Ba8 22. b3 Bf8 23. h3 h5 24. Bf2 Rd7 25. Re2 Rc7 26. Rfe1 Bh6 27. Bg3 Rce7 28. Bh4 Re6 29. g3 Nbd7 30. Nac4 d5 31. exd5 Rxe2 32. Rxe2 Rxe2 33. Bxe2 Nxd5 34. Bd8 h4 35. Bxh4 f6 36. g4 Nxf4 37. Bf1 Bg2 38. Bxg2 Nxg2 39. Bf2 Kf7 40. Kd1 Ke6 41. h4 f5 42. gxf5+ Kxf5 43. a5 Bf8 44. Nb6 Ne5 45. Na4 c4 46. Nxc4 Nxc4 47. bxc4 Be7 48. Bc5 Bxh4 49. Bxb4 Ne3+ 1/2-1/2

[Event "Wch-Senior 65+"]
[Site "Porto Santo POR"]
[Date "2024.11.24"]
[Round "7.7"]
[White "Piasetski, Leon"]
[Black "Chapman, Terry P D"]
[Result "1/2-1/2"]
[WhiteElo "2171"]
[BlackElo "2273"]
[PlyCount "53"]
[GameId "2129405228043330"]
[EventDate "2024.11.17"]
[EventType "swiss"]
[EventRounds "11"]
[EventCountry "POR"]
[SourceTitle "10Days CBH #1-#780"]
[Source "ChessMix "]
[SourceDate "2024.12.20"]
[SourceVersion "1"]
[SourceVersionDate "2024.12.20"]
[SourceQuality "1"]

1. c4 c5 2. Nf3 Nc6 3. d4 cxd4 4. Nxd4 Nf6 5. Nc3 e6 6. Ndb5 d5 7. cxd5 Nxd5 8. e4 Nxc3 9. Qxd8+ Kxd8 10. Nxc3 Bc5 11. Bc4 a6 12. a3 b5 13. Ba2 Bb7 14. O-O Ke7 15. Bf4 Bd4 16. Rac1 Rac8 17. Rfd1 Rhd8 18. Kf1 f6 19. f3 g5 20. Bd2 Ne5 21. Be1 g4 22. Ke2 gxf3+ 23. gxf3 Nc4 24. Bxc4 Rxc4 25. Bf2 Bxc3 26. Rxd8 Kxd8 27. Rxc3 1/2-1/2

[Event "Wch-Senior 65+"]
[Site "Porto Santo POR"]
[Date "2024.11.25"]
[Round "8.11"]
[White "Vatter, Hans-Joachim"]
[Black "Piasetski, Leon"]
[Result "1/2-1/2"]
[WhiteElo "2212"]
[BlackElo "2171"]
[PlyCount "35"]
[GameId "2129405228043349"]
[EventDate "2024.11.17"]
[EventType "swiss"]
[EventRounds "11"]
[EventCountry "POR"]
[SourceTitle "10Days CBH #1-#780"]
[Source "ChessMix "]
[SourceDate "2024.12.20"]
[SourceVersion "1"]
[SourceVersionDate "2024.12.20"]
[SourceQuality "1"]

1. e4 g6 2. d4 Bg7 3. c3 d6 4. f4 Nf6 5. e5 dxe5 6. fxe5 Nd5 7. Bc4 c6 8. Nf3 O-O 9. O-O f6 10. exf6 exf6 11. Qe1 Re8 12. Qh4 Be6 13. Re1 Bf7 14. Na3 Rxe1+ 15. Qxe1 Nd7 16. Bd2 b5 17. Bf1 N7b6 18. c4 1/2-1/2

[Event "Wch-Senior 65+"]
[Site "Porto Santo POR"]
[Date "2024.11.26"]
[Round "9.7"]
[White "Piasetski, Leon"]
[Black "Sturua, Zurab"]
[Result "0-1"]
[WhiteElo "2171"]
[BlackElo "2502"]
[PlyCount "66"]
[GameId "2129405228043360"]
[EventDate "2024.11.17"]
[EventType "swiss"]
[EventRounds "11"]
[EventCountry "POR"]
[SourceTitle "10Days CBH #1-#780"]
[Source "ChessMix "]
[SourceDate "2024.12.20"]
[SourceVersion "1"]
[SourceVersionDate "2024.12.20"]
[SourceQuality "1"]

1. Nf3 d5 2. d4 Nf6 3. c4 e6 4. Nc3 c6 5. e3 Nbd7 6. Qc2 Bd6 7. Bd3 dxc4 8. Bxc4 O-O 9. O-O e5 10. Rd1 Qe7 11. h3 Bc7 12. Ng5 h6 13. Nge4 Nb6 14. Nxf6+ Qxf6 15. Bd3 exd4 16. exd4 Qd6 17. f4 Qxd4+ 18. Kh1 Qf6 19. Ne4 Qh4 20. Qf2 Qxf2 21. Nxf2 f5 22. g3 Be6 23. b3 Rfe8 24. Kg1 Nd5 25. Bd2 Bb6 26. Re1 Rad8 27. Rad1 Nf6 28. Be3 Bxb3 29. axb3 Rxe3 30. Rxe3 Bxe3 31. Kg2 Bxf2 32. Kxf2 Kf8 33. Kf3 Ne4 0-1

[Event "Elllobregat op"]
[Site "Sant Boi ESP"]
[Date "2024.11.30"]
[Round "2.43"]
[White "Piasetski, Leon"]
[Black "Chan, Kim Yew"]
[Result "0-1"]
[WhiteElo "2171"]
[BlackElo "2274"]
[PlyCount "94"]
[GameId "2129405228158145"]
[EventDate "2024.11.29"]
[EventType "swiss"]
[EventRounds "10"]
[EventCountry "ESP"]
[SourceTitle "10Days CBH #1-#780"]
[Source "ChessMix "]
[SourceDate "2024.12.20"]
[SourceVersion "1"]
[SourceVersionDate "2024.12.20"]
[SourceQuality "1"]

1. c4 c5 2. b3 Nc6 3. Bb2 e5 4. Nf3 d6 5. e3 g6 6. d4 exd4 7. exd4 Bg7 8. Qe2+ Qe7 9. Nc3 Bg4 10. dxc5 dxc5 11. O-O-O Nd4 12. Qxe7+ Nxe7 13. Nb5 Bxf3 14. gxf3 O-O-O 15. Nxa7+ Kb8 16. Nb5 Nxb3+ 17. axb3 Bxb2+ 18. Kc2 Rxd1 19. Kxd1 Rd8+ 20. Ke2 Be5 21. Bh3 f5 22. Re1 Bxh2 23. Kf1 Rd7 24. Re6 Kc8 25. Rf6 Nc6 26. Rf8+ Rd8 27. Rf7 Rd7 28. Rf8+ Nd8 29. Na7+ Kc7 30. Nb5+ Kc8 31. Na7+ Kb8 32. Nb5 Be5 33. Ke2 Kc8 34. Re8 Bf6 35. Rf8 Re7+ 36. Kf1 Bg7 37. Rg8 Kd7 38. f4 Bb2 39. Bg2 Re8 40. Rxe8 Kxe8 41. Nd6+ Kd7 42. Nxb7 Nxb7 43. Bxb7 Bc1 44. Bd5 Bxf4 45. Bg8 Ke7 46. Ke2 Kf6 47. Kd3 Bd6 0-1

[Event "Interdepartmental-Tch"]
[Site "Punta del Este URU"]
[Date "2024.10.12"]
[Round "2.1"]
[White "Manteiga, Franco"]
[Black "Piasetski, Leon"]
[Result "0-1"]
[WhiteElo "2006"]
[BlackElo "2169"]
[PlyCount "106"]
[GameId "2129405228415850"]
[EventDate "2024.10.11"]
[EventType "team"]
[EventRounds "5"]
[EventCountry "URU"]
[WhiteTeam "CANELONES A"]
[BlackTeam "MALDONADO A"]

1. d4 g6 2. c4 Bg7 3. Nc3 c5 4. d5 Bxc3+ 5. bxc3 f5 6. e4 fxe4 7. f3 e5 8. Nh3 d6 9. Nf2 exf3 10. Qxf3 Qf6 11. Qg3 Bf5 12. Be2 Nd7 13. O-O Qe7 14. Bg5 Qg7 15. Qf3 h6 16. Bh4 Ndf6 17. g4 Bd7 18. Ne4 Nxe4 19. Qxe4 g5 20. Bg3 O-O-O 21. Qf3 h5 22. gxh5 g4 23. Qf7 Qxf7 24. Rxf7 Rxh5 25. Rxd7 Rxd7 26. Bxg4 Rg5 27. Bxd7+ Kxd7 28. Rb1 b6 29. a4 Ne7 30. a5 Rg4 31. axb6 axb6 32. Rxb6 Rxc4 33. Rb7+ Ke8 34. Rb8+ Kf7 35. Rb6 Nf5 36. Rb3 Kf6 37. Kf2 Kg5 38. Ke2 Kg4 39. Kd3 Ra4 40. Rb8 Kf3 41. Rf8 c4+ 42. Kd2 Ke4 43. Rf6 Ra2+ 44. Kc1 Rg2 45. Kb1 Rd2 46. Kc1 Rxd5 47. Rg6 Kd3 48. Be1 Ke2 49. Bg3 Rd3 50. Kc2 Ne3+ 51. Kb1 Nd1 52. Rg4 Nxc3+ 53. Ka1 Rd2 0-1

[Event "Olympiad-22"]
[Site "Haifa ISR"]
[Date "1976.11.09"]
[Round "13.4"]
[White "Bronstein, Luis Marcos"]
[Black "Piasetski, Leon"]
[Result "0-1"]
[WhiteElo "2380"]
[BlackElo "2390"]
[PlyCount "78"]
[GameId "1114897968570368"]
[EventDate "1976.10.25"]
[EventType "team-swiss"]
[EventRounds "13"]
[EventCountry "ISR"]
[SourceTitle "EXT 2000"]
[Source "ChessBase"]
[SourceDate "1999.11.18"]
[SourceVersion "1"]
[SourceVersionDate "1999.11.18"]
[SourceQuality "1"]
[WhiteTeam "Argentina"]
[BlackTeam "Canada"]
[WhiteTeamCountry "ARG"]
[BlackTeamCountry "CAN"]

1. e4 c5 2. Nf3 e6 3. d4 cxd4 4. Nxd4 Nc6 5. Nc3 Nf6 6. Ndb5 d6 7. Bf4 e5 8. Bg5 a6 9. Na3 b5 10. Nab1 Be7 11. Bxf6 Bxf6 12. a4 b4 13. Nd5 Ne7 14. Bc4 Bb7 15. c3 Rc8 16. Qd3 Nxd5 17. Bxd5 Bxd5 18. Qxd5 Qb6 19. Qb3 Qc6 20. Qxb4 O-O 21. Nd2 Bg5 22. f3 Rb8 23. Qa3 d5 24. exd5 Bxd2+ 25. Kxd2 Qxd5+ 26. Kc2 Qc6 27. Rad1 Qg6+ 28. Kc1 Qxg2 29. Kb1 Qxf3 30. Rhe1 Qf4 31. Qd6 Qxh2 32. Rd2 Qf4 33. Rxe5 Qxa4 34. Red5 Qe4+ 35. Ka2 Qc4+ 36. Kb1 h6 37. Rc5 Qe4+ 38. Qd3 Qe1+ 39. Rd1 Qf2 0-1

[Event "Orense"]
[Site "Orense"]
[Date "1977.??.??"]
[Round "?"]
[White "Gheorghiu, Florin"]
[Black "Piasetski, Leon"]
[Result "0-1"]
[WhiteElo "2545"]
[BlackElo "2395"]
[PlyCount "74"]
[GameId "1114897985810432"]
[EventDate "1977.??.??"]
[EventType "tourn"]
[EventRounds "11"]
[EventCountry "ESP"]
[SourceTitle "EXT 2010"]
[Source "ChessBase"]
[SourceDate "2009.11.30"]
[SourceVersion "1"]
[SourceVersionDate "2009.11.30"]
[SourceQuality "1"]

1. e4 c5 2. Nf3 e6 3. d4 cxd4 4. Nxd4 Nc6 5. Nc3 Nf6 6. Ndb5 d6 7. Bf4 e5 8. Bg5 a6 9. Na3 b5 10. Bxf6 gxf6 11. Nd5 f5 12. exf5 Bxf5 13. c3 Bg7 14. Nc2 O-O 15. Nce3 Be6 16. g4 Ne7 17. Bg2 Rc8 18. h4 Nxd5 19. Bxd5 Qf6 20. Qd2 e4 21. Bxe4 b4 22. cxb4 Qxb2 23. Qxb2 Bxb2 24. Rd1 Bc3+ 25. Kf1 Bxb4 26. Bd5 Rc3 27. Kg2 Bc5 28. Rhe1 Rb8 29. Rd2 Rb4 30. Bf3 Ra3 31. Nf5 Rf4 32. Bd1 h5 33. Rg1 hxg4 34. Nxd6 Rxa2 35. Rxa2 Bxa2 36. Nc8 Be6 37. Kg3 Rf6 0-1